03117cam a22003618i 450000100090000000300090000900500170001800800410003502000180007604000330009408200190012710000550014624500710020125000200027226400560029230000450034833600260039333700280041933800270044750400510047450505600052552011570108565000280224265000240227065300220229465500170231670000350233377601620236890600450253094200120257599900170258795201510260421742377EG-ScBUE20230312124041.0201002s2021 enka f b 001 0 eng d a9780367445348 aDLCbengerdacDLCdEG-ScBUE00a320.6222bHIL1 aHill, Michael J.q(Michael James),d1937-eauthor.14aThe public policy process /cMichael Hill and Frédéric Varone. aEighth edition. 1aAbingdon, Oxon ;aNew York, NY :bRoutledge,c2021. axii, 388 pages :billustrations ;c24 cm atextbtxt2rdacontent aunmediatedbn2rdamedia avolumebnc2rdacarrier aIncludes bibliographical references and index.0 aPart 1 Policy Theories -- Studying the policy process -- Theories of power and the policy process -- Interests and groups -- Institutional theory -- Comparative policy process Studies -- Integrating theoretical approaches -- Part 2 Analysis of the Policy Process -- Policy and politics -- Agenda setting -- Policy formulation -- Implementation: an overview -- Bureaucracy: organisational structures and processes -- Discretion, rules and street-level bureaucracy -- The policy process in the age of governance -- Conclusion: evaluation and accountability. a"The Public Policy Process is essential reading for anyone trying to understand the process by which public policy is made. Explaining clearly the importance of the relationship between theoretical and practical aspects of policymaking, the book gives a thorough overview of the people and organisations involved in the process. Fully revised and updated for an 8th edition, The Public Policy Process provides: Clear exploration, using many illustrations, of how policy is made and implemented; Examines challenges to effective policy making in critical areas - such as inequality and climate change - including the influence of powerful interests and the Covid-19 pandemic ; New material on unequal democracies, interest groups influence, behavioural policy analysis, global policies and evidence-based decision making; Additional European and comparative international examples. This text is essential reading for students of public policy, public administration and management, as well as more broadly highly relevant to related courses in health and nursing, social welfare, environment, development and local government"--cProvided by publisher. 7aPolicy sciences.2BUEsh 7aBureaucracy.2BUEsh bBUSBOLcMarch2023 vReading book1 aVarone, Frédéric,eauthor.08iOnline version:aHill, Michael,tThe public policy processbEighth edition.dbingdon, Oxon ; New York, NY : Routledge, 2021.z9781003010203w(DLC) 2020044562 a7bcbccorignewd1eecipf20gy-gencatlg 2ddccBB c30248d30219 00102ddc40708AlahramaMAINbMAINc1STd2023-03-12ePurchaseg719.00h190l0o320.6 HILp000044895r2025-07-15 00:00:00v898.75w2023-03-12yBB